书目信息 |
| 题名: |
哲学论文、演讲和笔记
|
|
| 作者: | 于光远 著 | |
| 分册: | ||
| 出版信息: | 北京 人民出版社 1982 |
|
| 页数: | 366页 | |
| 开本: | 21cm | |
| 丛书名: | ||
| 单 册: | ||
| 中图分类: | B0 | |
| 科图分类: | ||
| 主题词: | 哲学理论 , 哲学--中国--1950~1966--文集 | |
| 电子资源: | ||
| ISBN: | ||
| 000 | 00691nam0 2200241 45 | |
| 001 | 0182006246 | |
| 005 | 20060724154103.25 | |
| 010 | @dCNY1.20 | |
| 091 | @a2001.217 | |
| 100 | @a19950619d1982 em y0chiy0121 ea | |
| 101 | 0 | @achi |
| 102 | @aCN@b110000 | |
| 105 | @ay m 000yy | |
| 200 | 10 | @a哲学论文、演讲和笔记@Azhe xue lun wen、 yan jiang he bi ji@e1950-1966@f于光远著@Fyu guang yuan zhu |
| 210 | @a北京@c人民出版社@d1982 | |
| 215 | @a366页@d21cm | |
| 606 | 0 | @a哲学理论 |
| 606 | @a哲学@y中国@z1950~1966@x文集 | |
| 690 | @aB0 | |
| 701 | 0 | @a于光远@Ayu guang yuan@4著 |
| 801 | 2 | @aCN@bNLC@c20060724 |
| 801 | 0 | @aCN@b上海图书馆@c20060719 |
| 905 | @f1@b129318@f1@b129316@dB0@e62 | |
| 哲学论文、演讲和笔记:1950-1966/于光远著.-北京:人民出版社,1982 |
| 366页;21cm |
| ISBN :CNY1.20 |
| ● |
| 相关链接 |
|
|
|
|
正题名:哲学论文、演讲和笔记
索取号:B0/62
 
预约/预借
| 序号 | 登录号 | 条形码 | 馆藏地/架位号 | 状态 | 备注 |
| 1 | 0129315 | 001869099 | 密集书库/ [索取号:B0/62] | 在馆 | |
| 2 | 0129316 | 001130467 | 密集书库/ [索取号:B0/62] | 在馆 | |
| 3 | 0129317 | 202144296 | 密集书库/ [索取号:B0/62] | 在馆 | |
| 4 | 0129318 | 001115144 | 第一样本阅览室/ [索取号:B0/62] | 在馆 | |
| 5 | 0129319 | 001869080 | 密集书库/ [索取号:B0/62] | 在馆 | |
| 6 | 0425824 | 204258249 | 密集书库/ [索取号:B0/62] | 在馆 | |
| 7 | 0435097 | 204350978 | 密集书库/ [索取号:B0/62] | 在馆 | |
| 8 | 0435098 | 204350987 | 密集书库/ [索取号:B0/62] | 在馆 |